00360 a2200109 4500001001000000005001700010008004100027245005000068100002300118773009200141999001700233ART_4506620260410162038.0260409a 10aTransformaciones en el empleo y el territorio1 aBussetti, Mónica0 tRevista de estudios regionales y mercado de trabajog- N° 3 (ene./dic. 2007)wREV44894 c34639d34639